| 000 | 00503nam a2200193Ia 4500 | ||
|---|---|---|---|
| 003 | GCL | ||
| 008 | 140319s9999 xx 000 0 ara d | ||
| 040 |
_aGCL / _cGCL |
||
| 082 | 0 | 4 |
_a001.94 _bر ا |
| 100 | 1 | _aراجى عنايت | |
| 245 | 1 | 0 |
_aاسرار حيرت العلماء / _cراجى عنايت |
| 300 | _a259 | ||
| 490 |
_aاغرب من الخيال _v0 |
||
| 650 | 0 | 4 | _aالحضارة |
| 650 | 0 | 4 | _aالقضاء |
| 650 | 0 | 4 | _aالخيال |
| 650 | 0 | 4 | _aالاسرار |
| 942 |
_2ddc _cBK |
||
| 999 |
_c41350 _d41350 |
||